Регионална библиотека "Любен Каравелов" - Русе

Ромската жена - пространства и граници в живота й (Запис номер 87402)

MARC детайли
000 -Лидер
Контролно поле с фиксирана дължина 01970nam a2200421 c 4500
003 - Код на организацията, давaща контролен номер
Контролно поле BLK
005 - Дата и час на последна редакция
Контролно поле 20200311122025.0
008 - Елементи от данни с фиксирана дължина
fixed length control field 180408b bul|||||r ||||||| ||bul||
010 ## - Наследен системен номер
LC control number KNG00092038000
020 ## - Международен стандартен номер на книга ISBN
Международен стандартен номер на книга ISBN 978-954-487-077-5
040 ## - Източник на каталожния запис
Идентификатор на билиотеката - собственик на записа BLK
041 ## - Код за език
Код за езика на текст/звукозапис или на отделно заглавие Български
Код за езика КДБФ Български
080 ## - УДК
Текстов определител УДК Социални изследвания на жени. Жените и обществото
УДК код - определител по УДК 305-055.2
УДК определител (497.2=914.99):316
УДК - код + определител 305-055.2(497.2=914.99):316
080 ## - УДК
Текстов определител УДК Нрави и обичаи на примитивни народи. Номади, цигани, особени племена и раси
УДК код - определител по УДК 397
УДК определител (497.2)
УДК - код + определител 397(497.2)
100 1# - Редна дума - Автор
Автор Иванова, Евгения Иванова
Авторска отговорност първи автор
R(LIN) 291825
139 ## - Редно поле
Редна дума Иванова, Евгения Иванова и др
Авторски знак Иванова - И 22
245 10 - Сведения за заглавието
Заглавие Ромската жена - пространства и граници в живота й
Редно поле (дума) Евгения Иванова Иванова; съавт. Велчо Маринов Кръстев.
257 ## - Страна на издаване
Страна на създаване/издаване България
260 ## - Област на издателските данни
Име на издателя, разпространителя и проч. Литера принт
Година на издаване 2008
300 ## - Физическа характеристика
Страници 304 с.
Илюстрации и др. с портр., ил.
Размери/Мащаб 24 см
380 ## - Жанр
Жанр Обществени науки
500 ## - Общи забележки
Забележка Библиогр. с. 292-302 ; Рез. на англ. ез.
504 ## - Забележка за наличие на библиография и др
Забележка за наличие на библиография и под. 292-302
650 #4 - Допълнително описание по предмет – тема
Основно описание – тема или топоним Жени - България - социологични проблеми
9 (RLIN) 247159
650 #4 - Допълнително описание по предмет – тема
Основно описание – тема или топоним Роми - България
9 (RLIN) 272990
650 #4 - Допълнително описание по предмет – тема
Основно описание – тема или топоним Народни обичаи и обреди, ромски - България
9 (RLIN) 283794
653 ## - Ключова дума – ненормативна
Ключова дума жени
653 ## - Ключова дума – ненормативна
Ключова дума роми
653 ## - Ключова дума – ненормативна
Ключова дума народни обичаи
653 ## - Ключова дума – ненормативна
Ключова дума социални проблеми
653 ## - Ключова дума – ненормативна
Ключова дума България
700 1# - Други автори (авторска отговорност)
Лично име Кръстев, Велчо Маринов
Автороска отговорност (Описва отношението между автора и произведението) съавт.
9 (RLIN) 302713
852 ## - Местоположение
Форматна сигнатура Цб 245726
856 4# - Електронен адрес и достъп
Електронен формат pdf - файл
856 4# - Електронен адрес и достъп
Електронен формат pdf - файл
999 ## - СИСТЕМНИ КОНТРОЛНИ НОМЕРА
Koha biblionumber 87402
Koha biblioitemnumber 87402
942 ## - АРТИКУЛИ
Вид на библиотечния материал Книги
Скрит в OPAC Не
Периодичен библиозапис Да
944 ## - СЪЗДАВАНЕ И РЕДАКЦИЯ на ЗАПИСА
Създаване/Редакция Създаване
Дата на регистрацията/редакция 16.10.2009
Служител, извършил регистрацията/редакцията Валя_Йорданова
944 ## - СЪЗДАВАНЕ И РЕДАКЦИЯ на ЗАПИСА
Създаване/Редакция Редакция
Дата на регистрацията/редакция 16.10.2009
999 ## - СИСТЕМНИ КОНТРОЛНИ НОМЕРА
Koha biblioitemnumber 87402
999 ## - СИСТЕМНИ КОНТРОЛНИ НОМЕРА
Koha biblioitemnumber 87402
Наличности
Код за отписване Код за изгубен артикул Код за повреда Коз за рестрикции Код за отдаване Артикулен № Име на библиотеката - собственик Име на библиотеката, в която се намира в момента Статус (Текущо местоположение) Дата на вписване в системата Местоположение - отдел Цена в лева Инвентарен номер Систематично азбучна сигнатура Баркод Номер на екземпляра Цена в евро Служебна бележка Служебен тип на артикула Източник на класификационната схема
  Не е изгубен Не е повреден без рестрикции ползва се в читалня 141534 Регионална библиотека "Любен Каравелов" Русе Регионална библиотека "Любен Каравелов" Русе Хранилище 2009-10-16 Хранилище 0.00 120000739082 Цб 245726 120000739082 1 0.00 Дост: Dp Вид: Д N: 18 Дата: 22.04.2009 Книги  
  Не е изгубен Не е повреден без рестрикции заемане за дома 729911 Регионална библиотека "Любен Каравелов" Русе Регионална библиотека "Любен Каравелов" Русе Заемна - подръчен фонд 2019-07-11 Заемна - подръчен фонд 10.00   305/И 22 120000833696   5.11   Книги Universal Decimal Classification
Vip Innovations Ltd, Rousse, Bulgaria 2025